Statistics for Name a City in Every European Country - No Capitals

Click here to take the quiz!

General Stats

  • This quiz has been taken 38,516 times
  • The average score is 21 of 43

Answers on the Map

Answers color-coded by a green-red scale on the quiz's map according to % correct below.
 

Answer Stats

CountryCities% Correct
United KingdomBirmingham | Glasgow | Liverpool | Bristol | Manchester | Sheffield | Leeds | Edinburgh
97%
SpainBarcelona | València | Sevilla | Zaragoza | Málaga | Murcia | Palma | Las Palmas
96%
GermanyHamburg | Munich | Cologne | Frankfurt | Stuttgart | Düsseldorf | Leipzig | Dortmund
95%
ItalyMilan | Naples | Turin | Palermo | Genoa | Bologna | Florence | Bari
95%
FranceMarseille | Lyon | Toulouse | Nice | Nantes | Montpellier | Strasbourg | Bordeaux
93%
Russia
* including Siberia
St. Petersburg | Novosibirsk | Yekaterinburg | Kazan | Nizhny Novgorod | Chelyabinsk | Samara | Omsk
89%
NetherlandsRotterdam | The Hague | Utrecht | Eindhoven | Groningen | Tilburg | Almere | Breda
84%
SwitzerlandZürich | Geneva | Basel | Lausanne | Winterthur | Lucerne | St. Gallen | Lugano
84%
MontenegroNikšić | Pljevlja | Cetinje | Bar | Budva | Bijelo Polje | Berane | Herceg Novi
80%
PolandKraków | Łódź | Wrocław | Poznań | Gdańsk | Szczecin | Bydgoszcz | Lublin
78%
PortugalPorto | Vila Nova de Gaia | Amadora | Braga | Funchal | Coimbra | Setúbal | Almada
78%
BelgiumAntwerp | Ghent | Charleroi | Liège | Schaerbeek | Anderlecht | Bruges | Namur
75%
IrelandCork | Galway | Limerick | Waterford | Dundalk | Drogheda | Navan | Bray
72%
SwedenGöteborg | Malmö | Uppsala | Linköping | Örebro | Västerås | Helsingborg | Norrköping
72%
AustriaGraz | Linz | Salzburg | Innsbruck | Klagenfurt | Villach | Wels | Sankt Pölten
67%
UkraineKharkiv | Odessa | Dnipro | Donetsk | Zaporizhia | Lviv | Kryvyi Rih | Mykolaiv
66%
NorwayBergen | Trondheim | Stavanger | Bærum | Kristiansand | Drammen | Asker | Lillestrøm
59%
GreeceThessaloniki | Patras | Pireus | Larissa | Heraklion | Pesisteri | Acharne
59%
CroatiaSplit | Rijeka | Osijek | Zadar | Pula | Sesvete | Slavonski Brod | Karlovac
54%
DenmarkAarhus | Odense | Aalborg | Esbjerg | Randers | Kolding | Horsens | Vejle
45%
Czech RepublicBrno | Ostrava | Plzeň | Liberec | Olomouc | Budweis | Hradec Králové | Ústí nad Labem
45%
FinlandEspoo | Tampere | Vantaa | Oulu | Turku | Jyväskylä | Lahti | Kuopio
40%
RomaniaCluj-Napoca | Timișoara | Iași | Constanța | Craiova | Brașov | Galați | Ploiești
36%
BulgariaPlovdiv | Varna | Burgas | Ruse | Stara Zagora | Pleven | Sliven | Dobrič
34%
SerbiaNovi Sad | Niš | Kragujevac | Subotica | Zrenjanin | Pančevo | Čačak | Novi Pazar
31%
LithuaniaKaunas | Klaipėda | Šiauliai | Panevėžys | Alytus | Marijampolė | Mažeikiai | Jonava
29%
BelarusGomel | Vitsebsk | Mahiloǔ | Hrodna | Brest | Babrujsk | Baranavičy | Barysaǔ
28%
HungaryDebrecen | Szeged | Miskolc | Pecs | Győr | Nyíregyháza | Kecskemét | Székesfehérvár
27%
Bosnia & HerzegovinaBanja Luka | Tuzla | Zenica | Mostar | Bijeljina | Brčko | Bihać | Prijedor
26%
SlovakiaKošice | Prešov | Žilina | Banská Bystrica | Nitra | Trnava | Trenčín | Martin
25%
SloveniaMaribor | Kranj | Celje | Koper | Velenje | Novo Mesto | Ptuj | Kamnik
24%
EstoniaTartu | Narva | Pärnu | Kohtla-Järve | Viljandi | Maardu | Rakvere | Kuressaare
22%
AlbaniaDurrës | Vlorë | Elbasan | Shkodër | Fier | Korçë | Berat | Lushnje
21%
MaltaSt. Paul's Bay | Birkirkara | Sliema | Mosta | Qormi | Żabbar | Naxxar | San Gwann
21%
MoldovaTiraspol | Bălți | Tighina | Rîbnița | Ungheni | Cahul | Dubăsari | Soroca
21%
IcelandKeflavík | Akureyri | Selfoss | Akranes | Vestmannaeyjar | Grindavík | Hveragerði | Ísafjörður
20%
LatviaDaugavpils | Liepāja | Jelgava | Jūrmala | Ventspils | Rēzekne | Ogre | Valmiera
18%
KosovoPrizren | Gjilan | Pejë | Mitrovicë | Ferizaj | Gjakovë | Vushtrri | Podujevë
17%
North MacedoniaKumanovo | Bitola | Prilep | Tetovo | Štip | Veles | Ohrid | Strumica
16%
LuxembourgEsch-sur-Alzette | Differdange | Dudelange | Pétange | Sanem | Hesperange | Bettembourg | Schifflange
15%
LiechtensteinSchaan | Triesen | Balzers | Eschen | Mauren | Triesenberg | Ruggell | Gamprin
15%
AndorraEscaldes | Sant Julià | Encamp | La Massana | Santa Coloma | Ordino | Canillo | El Pas de la Casa
12%
San MarinoSerravalle | Borgo Maggiore | Domagnano | Fiorentino | Acquaviva | Faetano |
Chiesanuova | Montegiardino
11%

Score Distribution

Percentile by Number Answered

Percent of People with Each Score

Your Score History

You have not taken this quiz